MARC

LEADER 00000nam0a2200000 4500
001 328972
005 20231102004121.0
035 |a (RuTPU)RU\TPU\book\354712 
090 |a 328972 
100 |a 20170301d1974 km y0rusy50 ca 
101 0 |a rus 
102 |a RU 
105 |a a z 001zy 
200 1 |a Гидродинамические исследования поглощающих пластов и методы их изоляции  |f В. И. Мищевич 
210 |a Москва  |c Недра  |d 1974 
215 |a 207 с.  |c ил. 
320 |a Библиогр.: с. 202-205 
606 1 |a Промывочные растворы, буровые  |x Осложнения  |x Поглощение  |2 stltpush  |3 (RuTPU)RU\TPU\subj\52194  |9 70683 
610 1 |a поглощающие пласты 
610 1 |a гидродинамические исследования 
610 1 |a изоляция 
610 1 |a физико-геологические условия 
610 1 |a бурение 
610 1 |a приборы 
610 1 |a поглощающие горизонты 
610 1 |a жидкости 
610 1 |a нефтегазовые скважины 
610 1 |a фильтрация 
610 1 |a изоляционные работы 
610 1 |a ликвидация 
610 1 |a наполнители 
610 1 |a тампонирующие материалы 
675 |a 622.248.3  |v 4 
700 1 |a Мищевич  |b В. И.  |g Виктор Ильич 
801 1 |a RU  |b 63413507  |c 20170301 
801 2 |a RU  |b 63413507  |c 20170306  |g RCR 
942 |c BK